logo

Bir Sreshtho Munshi Abdur Rouf Library
Jhenaidah Cadet College

Science / (Record no. 10973)

MARC details
000 -LEADER
fixed length control field 01134nam a2200325 a 4500
001 - CONTROL NUMBER
JCCL Control Number 10973
003 - CONTROL NUMBER IDENTIFIER
JCCL marc code BD-JhCC
005 - DATE AND TIME OF LATEST TRANSACTION
control field 20191103134007.0
008 - FIXED-LENGTH DATA ELEMENTS--GENERAL INFORMATION
fixed length control field 190610t20162018nyua j 001 0 eng d
020 ## - INTERNATIONAL STANDARD BOOK NUMBER
International Standard Book Number 9781465454249 (pbk.)
020 ## - INTERNATIONAL STANDARD BOOK NUMBER
International Standard Book Number 1465454241
020 ## - INTERNATIONAL STANDARD BOOK NUMBER
International Standard Book Number 9780241365724
035 ## - SYSTEM CONTROL NUMBER
system control number (BD-JhCC)10973
040 ## - CATALOGING SOURCE
Original cataloging agency PAP
Transcribing agency PAP
Description conventions rda
Modifying agency OCLCO
-- DLC
-- BD-JhCC
041 ## - LANGUAGE CODE
Language code of Book eng
050 00 - LIBRARY OF CONGRESS CALL NUMBER
Classification number Q163
Item number .G763 2016
082 04 - DEWEY DECIMAL CLASSIFICATION NUMBER
Classification number 500
DDC Edition number 23
Author mark and Year GRO 2018
100 1# - MAIN ENTRY--PERSONAL NAME
Personal name Grossman, Emily
245 10 - TITLE STATEMENT
Title Science /
Statement of responsibility, etc author and consultant ; Dr. Emily Grossman.
250 ## - EDITION STATEMENT
Edition statement First American edition.
260 ## - PUBLICATION, DISTRIBUTION, ETC. (IMPRINT)
Place of publication, distribution, etc New York :
Name of publisher, distributor, etc DK Children,
Date of publication, distribution, etc 2018
300 ## - PHYSICAL DESCRIPTION
Pagination 64 pages :
Other physical details illustrations (chiefly color) ;
Dimensions 25 cm.
490 1# - SERIES STATEMENT
Series statement DK findout!
500 ## - GENERAL NOTE
General note "What do you want to find out? Fun facts, amazing pictures, quizzes"--Cover.
500 ## - GENERAL NOTE
General note Includes index.
520 ## - SUMMARY, ETC.
Summary, etc An introduction to science breaks down what it is and how it works, from the difference between atoms and molecules and the water cycle to food chains and weather.--
650 #0 - SUBJECT ADDED ENTRY--TOPICAL TERM
Topical term or geographic name as entry element Science
Form subdivision Juvenile literature.
650 #1 - SUBJECT ADDED ENTRY--TOPICAL TERM
Topical term or geographic name as entry element Science.
942 ## - ADDED ENTRY ELEMENTS (KOHA)
Source of classification or shelving scheme Dewey Decimal Classification
Koha item type Books
Koha issues (borrowed), all copies 2
Holdings
Source of classification or shelving scheme Damaged status Not for loan Home library Current library Shelving location Date of accession Cost, normal purchase price Total Checkouts Full call number Barcode Date last seen Date checked out Copy number Koha item type
Dewey Decimal Classification     JCC Rouf Library JCC Rouf Library General Stacks 06/10/2019 275.00 4 500 GRO 2018 15216 09/24/2023 09/19/2023 C-1 Books

JCC Library | Contacts | JCC Home

Last Update on 23 September 2017
Copyright @ 2017-2020 JCC Rouf Library
Rouf Library, Jhenidah Cadet College (JCC), Bangladesh